000 00634nam a2200229Ia 4500
003 OSt
005 20220928121947.0
006 a|||||r|||| 00| 0
007 ta
008 220927b |||||||| |||| 00| 0 eng d
024 _a53752
037 _cTextual
040 _aSDCL
_cSDCL
_beng
041 _2eng
_aeng
082 _aR6xM88x, N5
100 _aPappu S S Rama Rao
_9455035
245 0 _aNew essays in the philosophy of Sarvepalli Radhakrishan .
260 _aDelhi
_bSri Satdguru
_c1995
300 _axiii,623p.
_ccm.
942 _hR6xM88x, N5
_cTEXL
_2CC
999 _c768723
_d768723